000 00247nam a2200097Ia 4500
008 240331s9999 xx 000 0 und d
082 _bLED
100 _aLederach, J.P
245 4 _aThe moral imaginationt he art and soul of buildingpeace
942 _cL
999 _c1390
_d1390